[Event "Challenge"]
[Site "http://www.queenalice.com/game.php?id=126084"]
[Date "2006.11.6"]
[Round "-"]
[White "an_hunt"]
[Black "fernandosoares"]
[Result "1-0"]
[WhiteElo "1221"]
[BlackElo "1168"]

1. e4 e6 2. Nc3 Bc5 3. Nf3 Be7 4. Qe2 Nf6 5. Ne5 d5 6. exd5 exd5 7. g4 Bxg4 8.
Nxg4 Nxg4 9. Qxg4 Qd7 10. Bh3 f6 11. d4 f5 12. Qxf5 Rf8 13. Qh5+ g6 14. Qxh7 Rf7
15. Qxg6 Qxh3 16. Nxd5 Kf8 17. Rg1 Qxh2 18. Qg8# 1-0

[Event "Challenge"]
[Site "http://www.queenalice.com/game.php?id=126640"]
[Date "2006.11.8"]
[Round "-"]
[White "jocachess"]
[Black "an_hunt"]
[Result "0-1"]
[WhiteElo "1498"]
[BlackElo "1055"]

1. e4 e5 2. Nf3 Nc6 3. d3 Nf6 4. Nbd2 Bb4 5. c3 Bc5 6. Nc4 Ng4 7. Be3 d6 8. Be2
Qf6 9. Qc2 b5 10. Ncd2 Bxe3 11. fxe3 Nxe3 12. Qb3 Nxg2+ 13. Kf2 Bh3 14. c4 Nf4
15. cxb5 Nd4 16. Qd5 Rb8 17. Bd1 Qg6 18. Rg1 Qh5 19. Rxg7 Nxd5 20. Nxd4 Qh6 21.
b6 Nxb6 22. Nc6 Kd7 23. Nxb8+ Kc8 0-1

[Event "Challenge"]
[Site "http://www.queenalice.com/game.php?id=126642"]
[Date "2006.11.8"]
[Round "-"]
[White "an_hunt"]
[Black "VypeR"]
[Result "0-1"]
[WhiteElo "1280"]
[BlackElo "1644"]

1. e4 e5 2. Nf3 Nc6 3. Nc3 Nf6 4. Bc4 h6 5. d3 d6 6. O-O g5 7. Bb5 g4 8. Nh4 Bd7
9. Be3 a6 10. Bc4 b5 11. Bb3 Nd4 12. f4 Nxb3 13. axb3 b4 14. Nd5 Nxd5 15. exd5
Qxh4 16. fxe5 dxe5 17. g3 Qh5 18. Qe1 a5 19. Qf2 Rh7 20. c4 bxc3 21. bxc3 Qf5
22. b4 a4 23. Qxf5 Bxf5 24. Rxf5 Bd6 25. c4 Ke7 26. c5 Bxc5 27. bxc5 Rhh8 28.
Rxe5+ Kd7 29. c6+ Kd6 30. Bf4 Rhb8 31. d4 a3 32. Rh5+ Ke7 33. Rxh6 a2 34. Re1+
Kf8 35. Rh8+ Kg7 36. Be5+ Kg6 37. Rxb8 Rxb8 38. Bxc7 Rb1 39. Ba5 a1=Q 40. Kf1
Rxe1+ 41. Bxe1 Qxd4 42. c7 Qc4+ 43. Kf2 Qxc7 44. h4 gxh3 45. Kg1 Qc5+ 46. Kh2
Qe3 47. Bb4 Qe4 48. Bf8 Qxd5 49. Kxh3 f5 50. Bb4 Qe6 0-1

[Event "AUTO-BEG-38"]
[Site "http://www.queenalice.com/game.php?id=126687"]
[Date "2006.11.8"]
[Round "1"]
[White "an_hunt"]
[Black "clarice"]
[Result "0-1"]
[WhiteElo "1237"]
[BlackElo "1482"]

1. e4 c5 2. Bc4 Nc6 3. Qf3 Ne5 4. Qh5 Nxc4 5. Qxc5 Nb6 6. Nc3 d6 7. Qd4 a6 8.
Nd5 Nxd5 9. exd5 Nf6 10. Nf3 e6 11. dxe6 Bxe6 12. Ng5 Be7 13. Ne4 O-O 14. Ng5 h6
15. Nf3 Rc8 16. c3 Bc4 17. d3 Bb5 18. a4 Bc6 19. Nh4 Qd7 20. O-O Nd5 21. Re1 Bf6
22. Qe4 Nxc3 23. Qf4 Nd5 24. Qg3 Bxh4 25. Qxh4 Qf5 26. Qg3 Qf6 0-1

[Event "AUTO-BEG-38"]
[Site "http://www.queenalice.com/game.php?id=126688"]
[Date "2006.11.8"]
[Round "1"]
[White "clarice"]
[Black "an_hunt"]
[Result "1-0"]
[WhiteElo "1488"]
[BlackElo "1231"]

1. e4 e5 2. Bc4 Qh4 3. d3 Bc5 4. Qe2 Nf6 5. Nf3 Qg4 6. Rg1 Nc6 7. h3 Qg6 8. a3
Nd4 9. Nxd4 Bxd4 10. c3 Bc5 11. Be3 d6 12. Bxc5 dxc5 13. Qf1 Bd7 14. Nd2 O-O 15.
O-O-O b5 16. Bb3 a5 17. f4 exf4 18. Qxf4 Nh5 19. Qxc7 Bc6 20. Rdf1 a4 21. Ba2
Rac8 22. Qe5 Rcd8 23. Bd5 Ba8 24. Bxa8 Rxa8 25. Qxc5 Rad8 26. e5 Qxd3 27. Rd1
1-0

[Event "Let's Play Chess!"]
[Site "http://www.queenalice.com/game.php?id=130490"]
[Date "2006.11.17"]
[Round "-"]
[White "an_hunt"]
[Black "cJw314"]
[Result "0-1"]
[WhiteElo "1279"]
[BlackElo "1422"]

1. e4 d6 2. Nc3 e5 3. Bc4 Be6 4. d3 Ne7 5. Qh5 g6 6. Qf3 Nbc6 7. Bg5 Nd4 8. Qf6
Nxc2+ 9. Kd2 Nxa1 10. Qxh8 Qd7 11. Nh3 O-O-O 12. Rxa1 Bh6 13. Qxh7 Bf8 14. Nb5
f5 15. exf5 Bxf5 16. Nxa7+ Kb8 17. Nb5 d5 18. Bb3 Qxb5 19. Bc2 Bxd3 20. Bxd3
Qxb2+ 21. Bc2 Qxa1 22. Bxg6 Qxa2+ 23. Bc2 Rd6 24. Qf7 Rc6 25. Qh7 e4 26. Qh5 Nf5
27. Qd1 Nd4 0-1

[Event "AUTO-BEG-41"]
[Site "http://www.queenalice.com/game.php?id=131042"]
[Date "2006.11.18"]
[Round "1"]
[White "an_hunt"]
[Black "Fernando_Bilk_Marques"]
[Result "0-1"]
[WhiteElo "1226"]
[BlackElo "1417"]

1. e4 e5 2. Nf3 d6 3. Nc3 Bg4 4. Bc4 Nf6 5. h3 Bh5 6. g4 Bg6 7. Ng5 h6 8. Nf3
Nxe4 9. Nh4 Qxh4 10. Rf1 Qxh3 11. d3 Nxc3 12. bxc3 Be7 13. Ke2 Qxg4+ 14. f3 Qf5
15. Rb1 Bh5 16. Qe1 Qh3 17. Bd5 Bh4 18. Qd1 Qg2+ 19. Ke3 Bg5+ 20. f4 Qh3+ 21.
Rf3 Bxf4+ 22. Kf2 Qh2+ 23. Ke1 Bg3+ 24. Kf1 Qh1+ 25. Ke2 Qxd1+ 26. Kxd1 Bxf3+
27. Bxf3 c6 28. Rxb7 O-O 29. Bxc6 Nxc6 30. Ba3 Rfd8 31. Rc7 Rac8 32. Rb7 h5 33.
Rb1 Rb8 0-1

[Event "AUTO-BEG-41"]
[Site "http://www.queenalice.com/game.php?id=131043"]
[Date "2006.11.18"]
[Round "1"]
[White "Fernando_Bilk_Marques"]
[Black "an_hunt"]
[Result "1-0"]
[WhiteElo "1408"]
[BlackElo "1235"]

1. e4 e5 2. Nf3 Nc6 3. d4 exd4 4. Nxd4 Bc5 5. Nxc6 dxc6 6. Qxd8+ Kxd8 7. Bc4 Nf6
8. Bg5 Ke7 9. e5 h6 10. exf6+ gxf6 11. Bh4 Rg8 12. g3 Rg4 13. Nd2 Be6 14. Be2
Rd4 15. c3 Re4 16. Nxe4 Bd5 17. Bf3 Kd7 18. Nxf6+ Ke6 19. Nxd5 cxd5 20. O-O-O c6
21. Rhe1+ Kd7 22. Bg4+ Kc7 23. f4 Kb6 24. b4 Bf2 25. Re2 Rg8 26. Rxf2 Rxg4 27.
Re2 Rg6 28. Re7 f6 29. Rf7 Kb5 30. Re1 Kb6 31. Ree7 Rg8 32. Rxb7+ Ka6 33. Rxa7+
Kb5 34. Bxf6 1-0

[Event "AUTO-BEG-44"]
[Site "http://www.queenalice.com/game.php?id=135058"]
[Date "2006.11.30"]
[Round "1"]
[White "an_hunt"]
[Black "debia"]
[Result "0-1"]
[WhiteElo "1297"]
[BlackElo "1359"]

1. e4 g6 2. Bc4 e6 3. Nf3 Bg7 4. e5 Nc6 5. d4 a6 6. Nc3 b5 7. Bb3 h5 8. Bg5 f6
9. exf6 Bxf6 10. Qd3 Bxg5 11. Nxg5 Qxg5 12. h4 Qg4 13. Ne2 Qxg2 14. Rg1 Qh2 15.
Qxg6+ Ke7 16. Qg7+ Kd6 17. Qxh8 Nge7 18. Rg5 Nxd4 0-1

[Event "AUTO-BEG-44"]
[Site "http://www.queenalice.com/game.php?id=135059"]
[Date "2006.11.30"]
[Round "1"]
[White "debia"]
[Black "an_hunt"]
[Result "0-1"]
[WhiteElo "1253"]
[BlackElo "1287"]

1. b3 e6 2. e4 Qh4 3. g3 Qxe4+ 4. Ne2 Qxh1 5. h3 Bc5 6. d4 Bb6 7. g4 d5 8. Ba3
Nf6 9. Ng3 Qh2 10. Bb5+ c6 11. Bf1 Bc7 12. Ne2 Ne4 13. f3 Qf2# 0-1